000 nam a22 7a 4500
999 _c8433
_d8433
008 180116b ||||| |||| 00| 0 eng d
100 _aNCERT
_94835
245 _aIt so Happened
260 _aNew Delhi
_bNCERT
_c2008